Fr. Conceicao Rodrigues College of Engineering

Electronic communication system (Record no. 20254)

MARC details
000 -LEADER
fixed length control field 00284nam a2200133Ia 4500
100 ## - MAIN ENTRY--PERSONAL NAME
Personal name Kennedy/ Davis.
250 ## - EDITION STATEMENT
Edition statement 4
245 ## - TITLE STATEMENT
Title Electronic communication system
260 ## - PUBLICATION, DISTRIBUTION, ETC.
Name of publisher, distributor, etc. Tata Mc Graw hill
Date of publication, distribution, etc. 1993
300 ## - PHYSICAL DESCRIPTION
Extent 763
546 ## - LANGUAGE NOTE
Language note ENGLISH
654 ## - SUBJECT ADDED ENTRY--FACETED TOPICAL TERMS
Focus term electronic
942 ## - ADDED ENTRY ELEMENTS (KOHA)
Koha item type BOOK
Holdings
Withdrawn status Lost status Damaged status Not for loan Collection Home library Current library Date acquired Total Checkouts Full call number Barcode Date last seen Price effective from Koha item type
        CRC Fr. Agnel's C.Rodrigues College of Engineering Fr. Agnel's C.Rodrigues College of Engineering 17/03/2023   12560 17/03/2023 17/03/2023 BOOK